00613nam a2200181Ia 4500008004100000041000800041082001600049100001700065245004100082250001200123260003000135300002700165365001600192700001700208906001500225999001900240952017200259230718s9999 xx 000 0 und d aeng a604.20bDAB aDabhade M.L. aText Book Of Engineering Graphics-II a7th ed. c2004bVision Publications a621dRef 211 G (18716) cRs.b300.00 aDabhade M.L. cALLIEDb45 c318163d318163 00104070aCCEPbCCEPd2008-07-10eMasurkar EnterprisesfALLIEDg255.00l1o604.20pCCEP-BK-29370r2024-10-25 00:00:00s2024-10-22t45v300.00w2023-07-18yBKz029370